|
|
|
|
| LEADER |
01306nam a22003251a 4500 |
| 001 |
000700600 |
| 003 |
CZ BrMZK |
| 005 |
20070720071900.0 |
| 008 |
031216s1964 xr f cze d |
| 015 |
|
|
|z cnb000478023
|z cnb000480794
|
| 035 |
|
|
|a (OCoLC)42088127
|
| 035 |
|
|
|a (OCoLC)42121733
|
| 040 |
|
|
|a BOA001
|b cze
|
| 100 |
1 |
|
|a Hlavička, Alois,
|d 1911-
|7 jk01041248
|4 aut
|
| 245 |
1 |
0 |
|a Pohyb kmitavý, vlnění, akustika :
|b určeno pro posluchače DS na PI /
|c Alois Hlavička, Aleš Terš, Antonín Špelda
|
| 250 |
|
|
|a Dotisk
|
| 260 |
|
|
|a Praha :
|b Státní pedagogické nakladatelství,
|c 1964
|
| 300 |
|
|
|a 146 s.
|
| 490 |
1 |
|
|a Učební texty vysokých škol
|
| 500 |
|
|
|a Rotaprint.
|
| 700 |
1 |
|
|a Terš, Aleš
|7 mzk2010474103
|4 aut
|
| 700 |
1 |
|
|a Špelda, Antonín,
|d 1904-1989
|7 jk01130864
|4 aut
|
| 710 |
2 |
|
|a Univerzita Karlova.
|b Ústav pro dálkové studium učitelů
|7 ko2004226834
|
| 810 |
2 |
|
|a Univerzita Karlova.
|b Ústav pro dálkové studium učitelů.
|t Učební texty
|0 s
|
| 910 |
|
|
|a BOA001
|b PK-N-0005.670-64
|
| 964 |
|
|
|a Akustika - učebnice - školy vysoké
|
| 964 |
|
|
|a Kmitání - učebnice - školy vysoké
|
| 964 |
|
|
|a Vlnění - učebnice - školy vysoké
|
| 990 |
|
|
|a BK
|
| 996 |
7 |
|
|b 3119653721
|c PK-N-0005.670-64
|l MZK
|r Sklad / do 1 hodiny
|n 1
|w 000700600
|u 000010
|a 1
|e BOA001
|j MZK50
|s A
|